| 000 | 00737nam a22002531 4500 | ||
|---|---|---|---|
| 001 | 25516 | ||
| 003 | BD-RjUL | ||
| 005 | 20211209050905.0 | ||
| 008 | 140318s19661963enk 001 0 eng | ||
| 035 | _a(BD-RjUL)25586 | ||
| 035 | _a(OCoLC)1293129 | ||
| 040 |
_aDLC _cFM _dUk _dDLC _dBD-RjUL _beng |
||
| 041 | _aeng | ||
| 082 |
_a953 _bGLG 1966 |
||
| 100 | 1 |
_aGlubb, Sir John Bagot, _d1897- _978469 |
|
| 245 | 1 | 4 |
_aThe great Arab conquests / _cJohn Bagot Glubb, Sir |
| 260 |
_aLondon : _bHodder and Stoughton, _cc1963 [Reprinted 1966]. |
||
| 300 |
_a 384 p. : _bill., maps. geneal. table. ; _c23 cm. |
||
| 504 | _aIncludes index. | ||
| 650 | 0 |
_aArabs _xHistory. _968677 |
|
| 942 |
_2ddc _cBK |
||
| 999 |
_c25516 _d25516 |
||